| 000 | 00796nam a2200217Ii 4500 | ||
|---|---|---|---|
| 003 | JO-AjNU | ||
| 008 | 230605s9999||||xx |||||||||||||| ||und|| | ||
| 017 | _a2003/20149 | ||
| 020 | _a977-01-8947-4 | ||
| 040 |
_aJO-AjNU _bara _erda _cJO-AjNU |
||
| 041 | _aara | ||
| 050 | 1 | 4 | _aPJ8232.F3742 2004 |
| 100 | 3 |
_aفتحي،إبراهيم, _eauthor _917418 |
|
| 245 | 0 | 0 | _aالخطاب الروائي والخطاب النقدي في مصر |
| 264 | 3 | 1 | _aالقاهرة: الهيئة المصرية العامة للكتاب، 2004 |
| 300 | _a322ص | ||
| 336 |
_atext _btxt _2rdacontent |
||
| 337 |
_aunmediated _bn _2rdamedia |
||
| 338 |
_avolume _bnc _2rdacarrier |
||
| 650 | 4 |
_aالأدب العربي - الخطاب الروائي -الخطاب النقدي - تفسير ونقد - مصر _917419 |
|
| 999 |
_aA5375 _c8943 _d8943 |
||